LEADER 03541nmm a2200409 i 4500 001 991003324799707536 007 cr cn ---mpcbr 008 170207s2014 sz | o j |||| 0|eng d 020 $a9783319021539 (e-book) 024 7 $a10.1007/978-3-319-02153-9$2doi 035 $ab14316146-39ule_inst 040 $aBibl. Dip.le Aggr. Matematica e Fisica - Sez. Matematica$beng 082 04$a519.2$223 084 $aLC QA274-274.9 100 1 $aDawson, Donald A.$0478914 245 10$aSpatial Fleming-Viot Models with Selection and Mutation$h[e-book] /$cby Donald A. Dawson, Andreas Greven 260 $aCham :$bSpringer Intern. Publ.,$c2014 300 $a1 online resource (xvii, 856 p. 1 ill.) 336 $atext$btxt$2rdacontent 337 $acomputer$bc$2rdamedia 338 $aonline resource$bcr$2rdacarrier 347 $atext file$bPDF$2rda 490 1 $aLecture Notes in Mathematics,$x1617-9692 ;$v2092 505 0 $aIntroduction ; Emergence and fixation in the F-W model with two types ; Formulation of the multitype and multiscale model ; Formulation of the main results in the general case ; A Basic Tool: Dual Representations ; Long-time behaviour: ergodicity and non-ergodicity ; Mean-field emergence and fixation of rare mutants (Phase 1,2) ; Methods and proofs for the F-W model with two types ; Emergence, fixation with M [greater than or equal to] 2 lower order types ; Emergence, fixation: The general (M, M)-type mean-field model ; Neutral evolution on E1 after fixation (Phase 3) ; Re-equilibration on higher level E1 (Phase 4) ; Iteration of the cycle I: Emergence and fixation on E2 ; Iteration of the cycle - the general multilevel hierarchy ; Winding-up: Proofs of the Theorems 3-11 ; Appendix 1 - Tightness ; Appendix 2. Nonlinear semigroup perturbations ; References ; Index of Notation and Tables of Basic Objects ; Index 520 $aThis book constructs a rigorous framework for analysing selected phenomena in evolutionary theory of populations arising due to the combined effects of migration, selection and mutation in a spatial stochastic population model, namely the evolution towards fitter and fitter types through punctuated equilibria. The discussion is based on a number of new methods, in particular multiple scale analysis, nonlinear Markov processes and their entrance laws, atomic measure-valued evolutions and new forms of duality (for state-dependent mutation and multitype selection) which are used to prove ergodic theorems in this context and are applicable for many other questions and renormalization analysis for a variety of phenomena (stasis, punctuated equilibrium, failure of naive branching approximations, biodiversity) which occur due to the combination of rare mutation, mutation, resampling, migration and selection and make it necessary to mathematically bridge the gap (in the limit) between time and space scales 650 0$aEvolution (Biology) 650 0$aDistribution (Probability theory) 700 1 $aGreven, Andreas$eauthor$4http://id.loc.gov/vocabulary/relators/aut$0524808 710 2 $aSpringerLink (Online service) 773 0 $aSpringer eBooks 776 08$aPrinted edition:$z9783319021522. 856 40$uhttp://link.springer.com/book/10.1007/978-3-319-02153-9$zAn electronic book accessible through the World Wide 907 $a.b14316146$b03-03-22$c07-02-17 912 $a991003324799707536 996 $aSpatial Fleming-Viot models with selection and mutation$9820721 997 $aUNISALENTO 998 $ale013$b07-02-17$cm$d@ $e-$feng$gsz $h0$i0 LEADER 02832 am 22007333u 450 001 996210009603316 005 20230621141041.0 035 $a(CKB)2670000000334360 035 $a(SSID)ssj0000820648 035 $a(PQKBManifestationID)12349895 035 $a(PQKBTitleCode)TC0000820648 035 $a(PQKBWorkID)10863231 035 $a(PQKB)10559521 035 $a(oapen)https://directory.doabooks.org/handle/20.500.12854/33788 035 $a(EXLCZ)992670000000334360 100 $a20160829d2010 uy 0 101 0 $ager 135 $au|bu#---u||u| 181 $ctxt$2rdacontent 182 $cc$2rdamedia 183 $acr$2rdacarrier 200 10$a"Trauerspiele mit Gesang und Tanz" $ezur Ästhetik und Dramaturgie jüdischer Theatertexte /$fBrigitte Dalinger 210 $cBöhlau$d2010 210 1$aWien, Austria :$cBo?hlau,$d2010 215 $a1 online resource (380 pages) $cdigital, PDF file(s) 300 $aBibliographic Level Mode of Issuance: Monograph 311 08$aPrint version: 9783205774662 320 $aIncludes bibliographical references. 330 $aFrom 1890 until 1938 in Vienna, Jewish theatre was a lively and fascinating part of the theatrical scene. Yiddish operettas and melodramas, serious plays and so-called Jargonschwänke were staged. The widespread texts of these Jewish theatre-evenings, in Yiddish and German, are discussed and analysed in this work. 330 $aJüdische Theatertexte, wie sie von 1890 bis 1938 in Wien aufgeführt und / oder geschrieben wurden, stehen im Zentrum dieser Arbeit. Dazu zählen jiddische Singspiele, Melodramen und ernsthafte Dramen ebenso wie Texte berühmter deutschjüdischer Autoren der Wiener Moderne und die sogenannten Jargonschwänke, die äußerst populär waren. 606 $aTheater, Yiddish$zVienna$zAustria 606 $aYiddish drama$zAustria$zVienna 606 $aJewish theater$zVienna$zAustria 606 $aMusic, Dance, Drama & Film$2HILCC 606 $aDrama$2HILCC 607 $aJiddisch$2swd 607 $aWien$2swd 607 $aDeutsch$2swd 607 $aJuden$2swd 610 $aJewish Drama 610 $aYiddish plays 610 $aJewish theatre 610 $aAnti-Semitism 610 $aJiddisch 610 $aJuden 610 $aJudentum 610 $aWien 615 0$aTheater, Yiddish 615 0$aYiddish drama 615 0$aJewish theater 615 7$aMusic, Dance, Drama & Film 615 7$aDrama 676 $a780 686 $a700$2sdnb 686 $aAP 65000$2rvk 686 $aGG 3681$2rvk 686 $aAP 65000 W647 D1$2rvk 700 $aDalinger$b Brigitte$0801929 801 0$bPQKB 801 2$bUkMaJRU 906 $aBOOK 912 $a996210009603316 996 $aTrauerspiele mit Gesang und Tanz$91803197 997 $aUNISA LEADER 02338nam0 22004933i 450 001 VAN00234358 005 20251015021200.441 017 70$2N$a9783030657994 100 $a20211112d2021 |0itac50 ba 101 $aeng 102 $aCH 105 $a|||| ||||| 181 $ai$b e 182 $ab 183 $acr 200 1 $aGeometric Measure Theory and Free Boundary Problems$eCetraro, Italy 2019$fGuido De Philippis, Xavier Ros-Oton, Georg S. Weiss$gMatteo Focardi, Emanuele Spadaro editors 210 $aCham$cSpringer$d2021 215 $av, 138 p.$cill.$d24 cm 461 1$1001VAN00102250$12001 $aLecture notes in mathematics$1210 $aBerlin [etc.]$cSpringer$v2284 500 1$3VAN00234359$aGeometric Measure Theory and Free Boundary Problems : Cetraro, Italy 2019$91907592 606 $a35R35$xFree boundary problems for PDEs [MSC 2020]$3VANC020050$2MF 606 $a49Q20$xVariational problems in a geometric measure-theoretic setting [MSC 2020]$3VANC020795$2MF 610 $aFree Boundary Problems$9KW:K 610 $aGeometric measure theory$9KW:K 610 $aManifolds and Measure-geometric Topics$9KW:K 610 $aMinimal Hypersurfaces$9KW:K 610 $aPDEs of Infinite Order$9KW:K 610 $aPartial Differential Equations$9KW:K 610 $aWater waves$9KW:K 620 $aCH$dCham$3VANL001889 700 1$aDe_Philippis$bGuido$3VANV194076$0854265 701 1$aRos-Oton$bXavier$3VANV194077$0854266 701 1$aWeiss$bGeorg S.$3VANV194078$0854267 702 1$aFocardi$bMatteo$3VANV194079$4340 702 1$aSpadaro$bEmanuele$3VANV194080$4340 712 $aSpringer $3VANV108073$4650 801 $aIT$bSOL$c20251017$gRICA 856 4 $uhttp://doi.org/10.1007/978-3-030-65799-4$zE-book ? Accesso al full-text attraverso riconoscimento IP di Ateneo, proxy e/o Shibboleth 912 $fN 912 $aVAN00234358 950 $aBIBLIOTECA DEL DIPARTIMENTO DI MATEMATICA E FISICA$d08CONS e-book $e08LNM2284 20211112 950 $aBIBLIOTECA DEL DIPARTIMENTO DI MATEMATICA E FISICA$d08DLOAD e-book 8246 $e08eMF8246 20240430 996 $aGeometric Measure Theory and Free Boundary Problems : Cetraro, Italy 2019$91907592 997 $aUNICAMPANIA